Statistiques concernant Alphabet thaï

Cliquez ici pour prendre le quiz!

Statistiques générales

  • Ce quiz a été pris 6 fois
  • Le résultat moyen est 18 sur 27

Statistiques - réponses

HintRéponse% Correct
K
83%
S
83%
A/E/U
67%
B
67%
CH
67%
CH
67%
D
67%
H
67%
KH
67%
KH
67%
L
67%
M
67%
N
67%
NG
67%
P
67%
PH
67%
PH
67%
R
67%
S
67%
T
67%
TH
67%
TH
67%
W
67%
Y
67%
CH
50%
T
50%
TH
50%

Distribution des résultats

Percentile par nombre de réponses

% des personnes avec chaque résultat

Votre développement - résultats

Vous n’avez pas pris ce quiz